Handbook of socialization : theory and research

Αποθηκεύτηκε σε:
Λεπτομέρειες βιβλιογραφικής εγγραφής
Άλλοι συγγραφείς: Grusec, Joan E. (edtf), Hastings, Paul D. (Paul David), 1966- (Επιμελητής έκδοσης)
Μορφή: Βιβλίο
Γλώσσα:English
Δημοσίευση: New York : The Guilford Press, 2015.
Έκδοση:2η έκδ.
Θέματα:
Ετικέτες: Προσθήκη ετικέτας
Δεν υπάρχουν, Καταχωρήστε ετικέτα πρώτοι!

MARC

LEADER 00000nam a2200000 a 4500
001 1/111183
008 160628s2015####us | ||| |||| ||eng||
020 |a 9781462518340   |q (χαρτόδ.)  
040 |a GR-MyUa  |b gre  |c GR-MyUa  |e AACR2 
041 0 |a eng 
082 7 |a 303.32   |2 (23) 
245 0 0 |a Handbook of socialization :   |b theory and research /   |c επιμέλεια: Joan E. Grusec, Paul D. Hastings.  
250 |a 2η έκδ.  
260 |a New York :   |b The Guilford Press,   |c 2015.  
300 |a xvii, 718 σ. ;   |c 26 εκ.  
504 |a Περιλαμβάνει βιβλιογραφικές αναφορές και ευρετήριο.  
650 0 |a Socialization 
700 1 |a Grusec, Joan E.  |e edtf 
700 1 |a Hastings, Paul D.   |c (Paul David),   |d 1966-  |e edt 
852 |a INST  |b RHODES  |e 20160628  |h 303.32 HAN  |p 005400038591  |q 005400038591  |t BK  |y 0 
922 |a 4ΕΛΗ  |b 2016-06  |c ΤΑΚ/ΤΕΠΑΕΣ  |d ΔΙΑΔΡΟΜΕΣ 
970 |z 28-06-2016